Zvažování rizik v systému managementu kvality ISO 9001:2015
Jedným z hlavných zámerov systému manažmentu kvality je pôsobiť ako preventívny nástroj. Zvažovanie rizík v medzinárodnej norme a redukcia normatívnych požiadaviek a ich náhrada formou požiadaviek založených na výkonnosti. Požiadavky týkajúce sa zvažovania rizík v norme ISO 9001:2015.
Salvato in:
| Autore principale: | |
|---|---|
| Natura: | Capitolo di libro |
| Lingua: | ceco |
| Soggetti: | |
| Tags: |
Nessun Tag, puoi essere il primo ad aggiungerne!!
|
MARC
| LEADER | 00000naa a2200000 4500 | ||
|---|---|---|---|
| 001 | 0226953 | ||
| 005 | 20231012072957.5 | ||
| 041 | 0 | |a cze | |
| 044 | |a SK | ||
| 245 | 1 | 0 | |a Zvažování rizik v systému managementu kvality ISO 9001:2015 |c Miroslav Kohl |
| 520 | |a Jedným z hlavných zámerov systému manažmentu kvality je pôsobiť ako preventívny nástroj. Zvažovanie rizík v medzinárodnej norme a redukcia normatívnych požiadaviek a ich náhrada formou požiadaviek založených na výkonnosti. Požiadavky týkajúce sa zvažovania rizík v norme ISO 9001:2015. | ||
| 610 | 2 | 0 | |a systém riadenia kvality |
| 610 | 2 | 0 | |a riadenie rizík |
| 610 | 2 | 0 | |a kontrola kvality |
| 610 | 2 | 0 | |a opatrenia racionalizačné |
| 610 | 2 | 0 | |a normy kvality |
| 610 | 2 | 0 | |a normy ISO |
| 100 | 1 | |a Kohl, Miroslav | |